Paesi che producono più zucchero - Statistics

Statistiche generali
  • Questo quiz è stato fatto 47 volte
  • Il punteggio medio è 11 su 15
Statistiche sulle risposte
Tonnellate Paese % Corretto
37 300 000 Brasil
100%
11 517 000 Cina
98%
26 605 000 India
95%
2 378 765 Colombia
93%
6 021 292 Messico
93%
7 666 000 Stati Uniti
93%
5 249 339 Russia
85%
4 364 000 Australia
78%
4 692 000 Francia
78%
4 563 808 Germania
70%
6 103 000 Pakistan
65%
10 024 000 Thailandia
50%
2 262 000 Ucraina
48%
2 734 400 Guatemala
40%
2 321 000 Filippine
23%
Nessun quiz corrispondente trovato
Distribuzione punteggi
Percentuale di utenti per punteggio
Percentile per numero di risposta
I tuoi punteggi nel tempo
Non hai fatto questo quiz